[Event "FIDE World Youth U16 Chess Olympiad SLOVAKIA 2016"]
[Site "Poprad Tatry SLOVAKIA"]
[Date "2016.07.29"]
[Round "9"]
[Board "2"]
[White "Petkov, Matey"]
[Black "Dedebas, Emre Emin"]
[Result "0-1"]
[WhiteElo "2117"]
[BlackElo "2108"]
[PlyCount "104"]
[EventDate "2016.07.22"]
[EventType "team"]
[EventRounds "9"]
[EventCountry "SVK"]
[WhiteTeam "Bulgaria"]
[BlackTeam "Turkey"]

1. d4 d5 2. Bf4 Nf6 3. e3 c5 4. c3 Nc6 5. Nf3 Qb6 6. Qb3 c4 7. Qxb6 axb6 8.
Nbd2 b5 9. a3 b4 10. cxb4 Nxb4 11. Rc1 Nc6 12. Ne5 Bf5 13. f3 Bg6 14. b3 e6 15.
Nxg6 hxg6 16. bxc4 Bxa3 17. Ra1 Kd7 18. Bd3 Bb4 19. Ke2 Nh5 20. Be5 f6 21. Bg3
Nxg3+ 22. hxg3 Rxa1 23. Rxa1 Rh2 24. Rg1 Bxd2 25. Kxd2 dxc4 26. Bxc4 Kd6 27.
Kc3 g5 28. g4 e5 29. d5 Ne7 30. e4 Kc7 31. Rd1 Nc8 32. Bf1 Nd6 33. Ra1 Rh1 34.
Kb4 Kb6 35. Rb1 g6 36. Rd1 f5 37. gxf5 gxf5 38. exf5 Nxf5 39. d6 Nd4 40. Be2
Rxd1 41. Bxd1 Kc6 42. d7 Kxd7 43. Kc5 Ke6 44. Kb6 Nf5 45. Bb3+ Kd6 46. Kxb7 Nh4
47. Bc2 Nxg2 48. Be4 Kc5 49. Kc7 Kd4 50. Kd6 g4 51. Bc6 g3 52. f4 Nxf4 0-1

[Event "FIDE World Youth U16 Chess Olympiad SLOVAKIA 2016"]
[Site "Poprad Tatry SLOVAKIA"]
[Date "2016.07.29"]
[Round "9"]
[Board "3"]
[White "Can, Isik"]
[Black "Yordanov, Lachezar"]
[Result "0-1"]
[WhiteElo "2103"]
[BlackElo "2139"]
[PlyCount "64"]
[EventDate "2016.07.22"]
[EventType "team"]
[EventRounds "9"]
[EventCountry "SVK"]
[WhiteTeam "Turkey"]
[BlackTeam "Bulgaria"]

1. e4 d6 2. d4 Nf6 3. Nc3 g6 4. f4 Bg7 5. Nf3 c5 6. Bb5+ Bd7 7. e5 Ng4 8. Bxd7+
Qxd7 9. h3 cxd4 10. Qxd4 Nh6 11. Qf2 Nc6 12. Bd2 dxe5 13. fxe5 Qf5 14. Qh4 Qxc2
15. Bxh6 Bxh6 16. Qxh6 Qxb2 17. O-O Qxc3 18. Rac1 Qa3 19. Qg7 Rf8 20. Qxh7
O-O-O 21. Qh4 Kb8 22. Qf4 Ka8 23. Kh1 f6 24. exf6 exf6 25. Qe4 f5 26. Qc4 Qd6
27. Rb1 Qd5 28. Qa4 Rfe8 29. Rb5 Qe4 30. Qb3 Nd4 31. Nxd4 Rxd4 32. Rb1 Rd3 0-1

[Event "FIDE World Youth U16 Chess Olympiad SLOVAKIA 2016"]
[Site "Poprad Tatry SLOVAKIA"]
[Date "2016.07.29"]
[Round "9"]
[Board "4"]
[White "Salimova, Nurgyul"]
[Black "Akdogan, Alperen"]
[Result "0-1"]
[WhiteElo "2136"]
[BlackElo "2050"]
[PlyCount "94"]
[EventDate "2016.07.22"]
[EventType "team"]
[EventRounds "9"]
[EventCountry "SVK"]
[WhiteTeam "Bulgaria"]
[BlackTeam "Turkey"]

1. d4 f5 2. Bg5 h6 3. Bh4 g5 4. e3 Nf6 5. Be2 Bg7 6. Bg3 O-O 7. h4 g4 8. Bd3 d6
9. Ne2 Qe8 10. Bc4+ Kh8 11. Nbc3 c6 12. a4 Nh5 13. Qd2 Nd7 14. O-O-O d5 15. Bd3
e5 16. dxe5 Nxe5 17. Bf4 Be6 18. Rdf1 a6 19. Bxe5 Bxe5 20. f3 g3 21. f4 Bg7 22.
Rh3 c5 23. Nxg3 Nxg3 24. Rxg3 b5 25. Be2 b4 26. Nb1 Qxa4 27. Rff3 Rab8 28. Rxg7
Kxg7 29. h5 Kh7 30. g4 fxg4 31. Rg3 Qd7 32. Bd3+ Kh8 33. Bg6 Bf5 34. Qh2 Rg8
35. Rg1 Rbf8 36. Bxf5 Qxf5 37. Nd2 a5 38. Qh4 Qe6 39. Qf2 g3 40. Rxg3 Rxg3 41.
Qxg3 Rg8 42. Qf2 Qg4 43. Nf3 Qg3 44. Qe2 Qg2 45. Qd1 Rg3 46. Nh4 Qf2 47. Ng6+
Kg7 0-1

[Event "FIDE World Youth U16 Chess Olympiad SLOVAKIA 2016"]
[Site "Poprad Tatry SLOVAKIA"]
[Date "2016.07.29"]
[Round "9"]
[Board "1"]
[White "Dobrovoljc, Vid"]
[Black "Stabulnieks, Klavs"]
[Result "1-0"]
[WhiteElo "2246"]
[BlackElo "2099"]
[PlyCount "91"]
[EventDate "2016.07.22"]
[EventType "team"]
[EventRounds "9"]
[EventCountry "SVK"]
[WhiteTeam "Slovenia"]
[BlackTeam "Latvia"]

1. e4 c5 2. Nf3 e6 3. d4 cxd4 4. Nxd4 a6 5. c4 Nf6 6. Nc3 Bb4 7. Qd3 Nc6 8.
Nxc6 dxc6 9. Qxd8+ Kxd8 10. Bd2 e5 11. f3 Be6 12. a3 Be7 13. Be3 Nd7 14. Be2 f5
15. exf5 Bxf5 16. Rd1 Kc7 17. Bd3 Bxd3 18. Rxd3 Nc5 19. Rd1 a5 20. Kd2 Rad8+
21. Kc2 Ne6 22. Rhe1 Rhe8 23. Rxd8 Rxd8 24. Bf2 Bf6 25. Bg3 Nf4 26. Bxf4 exf4
27. Ne4 Be7 28. Re2 Rd7 29. a4 h6 30. Nd2 b6 31. Nb3 c5 32. Re4 Bd6 33. Nd2 Rf7
34. Nb1 Rf5 35. Nc3 Rg5 36. Nd5+ Kc6 37. Re2 h5 38. b3 h4 39. h3 Rxd5 40. cxd5+
Kxd5 41. Kd3 Be5 42. Re4 g5 43. Re1 Bd4 44. Re8 Be3 45. Rd8+ Ke5 46. Kc4 1-0

[Event "FIDE World Youth U16 Chess Olympiad SLOVAKIA 2016"]
[Site "Poprad Tatry SLOVAKIA"]
[Date "2016.07.29"]
[Round "9"]
[Board "2"]
[White "Polyakov, Fedor"]
[Black "Zamar Kodelja, Jurij"]
[Result "1/2-1/2"]
[WhiteElo "1970"]
[BlackElo "2103"]
[PlyCount "197"]
[EventDate "2016.07.22"]
[EventType "team"]
[EventRounds "9"]
[EventCountry "SVK"]
[WhiteTeam "Latvia"]
[BlackTeam "Slovenia"]

1. d4 Nf6 2. c4 c5 3. d5 b5 4. cxb5 a6 5. b6 g6 6. Nc3 Qxb6 7. e4 d6 8. Nf3 Bg7
9. Nd2 Nbd7 10. Be2 O-O 11. O-O Rb8 12. a4 Qa7 13. a5 Ne8 14. Nc4 Nc7 15. Na4
Nb5 16. Be3 Nd4 17. Bxd4 Bxd4 18. Ra2 Nf6 19. Qd3 Bd7 20. Nab6 Bb5 21. Qc2 Rbd8
22. Na3 Bxe2 23. Qxe2 Ne8 24. Nc2 Nc7 25. Nxd4 cxd4 26. Ra4 Nb5 27. Rc4 e6 28.
Rfc1 Rfe8 29. Qd3 Qe7 30. g3 Qf6 31. Rc6 Kg7 32. Kg2 Qe7 33. Nc4 exd5 34. exd5
Qg5 35. Nb6 Kg8 36. Qf3 Re5 37. R1c2 Kg7 38. Qb3 Qf5 39. Qf3 Qxf3+ 40. Kxf3 d3
41. Rd2 Nd4+ 42. Kg2 Nxc6 43. dxc6 Rc5 44. Rxd3 Rxc6 45. b4 Re8 46. Rd2 Re5 47.
Rd4 Re2 48. Nc4 Re6 49. Na3 Kf8 50. b5 axb5 51. Nxb5 Re5 52. Nxd6 Rxa5 53. Ne4
Kg7 54. h4 Rc2 55. Ng5 Rf5 56. Nh3 h6 57. Ra4 Rfc5 58. Rg4 R2c4 59. Rf4 Rxf4
60. Nxf4 Ra5 61. Kh3 Ra4 62. Nd5 Rd4 63. Ne3 Ra4 64. Kg2 f5 65. Nf1 Kf6 66. Ne3
Ke5 67. Kf3 Ra3 68. Kg2 Ke4 69. Nf1 Ra2 70. Nh2 g5 71. hxg5 hxg5 72. Nf3 g4 73.
Nh4 Ra6 74. Kg1 Rh6 75. Ng2 Rh8 76. Kf1 Rh1+ 77. Ke2 Ra1 78. Nf4 Ra2+ 79. Kf1
Kf3 80. Nd3 Rd2 81. Ne1+ Ke4 82. Ng2 Ra2 83. Nf4 Rb2 84. Kg2 Rb1 85. Nh5 Kd3
86. Ng7 Rb5 87. Ne6 Rb1 88. Ng7 f4 89. gxf4 Ke4 90. Nh5 Kf5 91. Ng3+ Kxf4 92.
Ne2+ Kg5 93. Ng3 Rb5 94. Ne2 Rd5 95. Ng3 Kh4 96. Ne2 Ra5 97. Ng3 Rd5 98. Ne2
Ra5 99. Ng3 1/2-1/2

[Event "FIDE World Youth U16 Chess Olympiad SLOVAKIA 2016"]
[Site "Poprad Tatry SLOVAKIA"]
[Date "2016.07.29"]
[Round "9"]
[Board "3"]
[White "Amon, Nejc"]
[Black "Limanovska, Elizabete"]
[Result "1/2-1/2"]
[WhiteElo "2104"]
[BlackElo "1929"]
[PlyCount "54"]
[EventDate "2016.07.22"]
[EventType "team"]
[EventRounds "9"]
[EventCountry "SVK"]
[WhiteTeam "Slovenia"]
[BlackTeam "Latvia"]

1. e4 c5 2. Nf3 d6 3. d4 cxd4 4. Nxd4 Nf6 5. Nc3 a6 6. Be3 e5 7. Nb3 Be6 8. f4
exf4 9. Bxf4 Nc6 10. Qe2 Be7 11. h3 O-O 12. O-O-O Qc7 13. Qd2 Ne5 14. Nd4 b5
15. Nf5 Rfd8 16. Nxe7+ Qxe7 17. Be2 Rac8 18. a3 Ne8 19. Rhf1 Nc7 20. g4 Bc4 21.
Bxc4 Nxc4 22. Qd3 Ne6 23. Nd5 Qb7 24. Kb1 a5 25. Bd2 Nc5 26. Qd4 Ne6 27. Qd3
Nc5 1/2-1/2

[Event "FIDE World Youth U16 Chess Olympiad SLOVAKIA 2016"]
[Site "Poprad Tatry SLOVAKIA"]
[Date "2016.07.29"]
[Round "9"]
[Board "4"]
[White "Sinauridze, Simons"]
[Black "Hrescak, Ivana"]
[Result "1-0"]
[WhiteElo "1897"]
[BlackElo "2081"]
[PlyCount "53"]
[EventDate "2016.07.22"]
[EventType "team"]
[EventRounds "9"]
[EventCountry "SVK"]
[WhiteTeam "Latvia"]
[BlackTeam "Slovenia"]

1. e4 c5 2. Nf3 d6 3. d3 Nc6 4. Nbd2 g6 5. g3 Bg7 6. Bg2 e6 7. O-O Nge7 8. Re1
O-O 9. Nf1 d5 10. e5 Qc7 11. Bf4 Rb8 12. h4 b5 13. N1h2 d4 14. Ng4 Nd5 15. Bg5
Kh8 16. Qc1 Nce7 17. Nf6 Bb7 18. h5 Rfc8 19. Re4 Nf5 20. g4 Nfe7 21. hxg6 fxg6
22. Bh4 Rf8 23. Ng5 Nxf6 24. exf6 Bxf6 25. Nxe6 Qc8 26. Qh6 Bxe4 27. Bxf6+ 1-0

[Event "FIDE World Youth U16 Chess Olympiad SLOVAKIA 2016"]
[Site "Poprad Tatry SLOVAKIA"]
[Date "2016.07.29"]
[Round "9"]
[Board "1"]
[White "Mesaros, Florian"]
[Black "Chan, Kris"]
[Result "1/2-1/2"]
[WhiteElo "2324"]
[BlackElo "2187"]
[PlyCount "58"]
[EventDate "2016.07.22"]
[EventType "team"]
[EventRounds "9"]
[EventCountry "SVK"]
[WhiteTeam "Austria"]
[BlackTeam "Australia"]

1. Nf3 c5 2. c4 g6 3. g3 Bg7 4. Bg2 Nc6 5. Nc3 e6 6. d3 Nge7 7. h4 d5 8. cxd5
exd5 9. h5 Bg4 10. hxg6 hxg6 11. Rxh8+ Bxh8 12. Qa4 Qd7 13. Bg5 Bxf3 14. exf3
Qf5 15. Qh4 Bxc3+ 16. bxc3 Qxd3 17. Rd1 Qxc3+ 18. Kf1 Qc4+ 19. Qxc4 dxc4 20. f4
Rc8 21. Re1 Kd7 22. Bxe7 Nxe7 23. Bxb7 Rb8 24. Ba6 c3 25. Bc4 c2 26. Bb3 c4 27.
Bxc2 Rb2 28. Rc1 Kd6 29. Ba4 Rxa2 1/2-1/2

[Event "FIDE World Youth U16 Chess Olympiad SLOVAKIA 2016"]
[Site "Poprad Tatry SLOVAKIA"]
[Date "2016.07.29"]
[Round "9"]
[Board "2"]
[White "Bhat, Vishal"]
[Black "Horvath, Dominik"]
[Result "0-1"]
[WhiteElo "2107"]
[BlackElo "2216"]
[PlyCount "68"]
[EventDate "2016.07.22"]
[EventType "team"]
[EventRounds "9"]
[EventCountry "SVK"]
[WhiteTeam "Australia"]
[BlackTeam "Austria"]

1. e4 c5 2. Nf3 e6 3. d4 cxd4 4. Nxd4 Nc6 5. Nc3 Qc7 6. Be3 a6 7. Qd2 Nf6 8. f4
Bb4 9. Bd3 Na5 10. a3 Bxc3 11. Qxc3 Qxc3+ 12. bxc3 d5 13. e5 Ne4 14. Nb3 Nc4
15. Bxc4 dxc4 16. Na5 Bd7 17. O-O Rc8 18. Nxb7 Bc6 19. Na5 Bd5 20. Bd4 f5 21.
h4 h6 22. Kh2 g5 23. Be3 gxh4 24. Bd4 Rg8 25. Rg1 Ng3 26. Rae1 Rb8 27. a4 Rg4
28. Be3 Rb2 29. Rb1 Rxb1 30. Rxb1 Ne2 31. Rb8+ Kf7 32. Rb7+ Kg6 33. Rd7 Rxg2+
34. Kh1 Ng3# 0-1

[Event "FIDE World Youth U16 Chess Olympiad SLOVAKIA 2016"]
[Site "Poprad Tatry SLOVAKIA"]
[Date "2016.07.29"]
[Round "9"]
[Board "3"]
[White "Blohberger, Felix"]
[Black "Cannon, David"]
[Result "1-0"]
[WhiteElo "2284"]
[BlackElo "2093"]
[PlyCount "159"]
[EventDate "2016.07.22"]
[EventType "team"]
[EventRounds "9"]
[EventCountry "SVK"]
[WhiteTeam "Austria"]
[BlackTeam "Australia"]

1. Nf3 Nf6 2. c4 g6 3. Nc3 Bg7 4. g3 O-O 5. Bg2 d6 6. d4 a6 7. O-O Nc6 8. Bf4
Nh5 9. Bg5 h6 10. Be3 Rb8 11. Rc1 Bd7 12. d5 Ne5 13. Nxe5 dxe5 14. Qd2 Kh7 15.
c5 f5 16. c6 Bc8 17. Ba7 Ra8 18. cxb7 Bxb7 19. Bc5 Qd7 20. Rfd1 Rfd8 21. Qc2
Rab8 22. Qa4 e4 23. f3 Qxa4 24. Nxa4 Rxd5 25. fxe4 Re5 26. Bd4 Re6 27. Bxg7
Nxg7 28. Rxc7 Bxe4 29. Nc5 Rc6 30. Rxc6 Bxc6 31. Bxc6 Rc8 32. Nxa6 Rxc6 33. Nb4
Rb6 34. a3 e6 35. Kf2 g5 36. Rc1 Kg6 37. Rc6 Rb5 38. Nd3 Rb7 39. b4 Kf7 40. Nc5
Rb5 41. Ke3 Ne8 42. Kd4 Rb8 43. Rxe6 Nc7 44. Rxh6 Nb5+ 45. Ke5 Nxa3 46. Kxf5
Rxb4 47. Kxg5 Rb5 48. Rf6+ Kg8 49. Rf5 Nc4 50. Ne6 Rb6 51. Nf4 Nd6 52. Ra5 Nf7+
53. Kg4 Nh6+ 54. Kf3 Nf7 55. h4 Rb3+ 56. Nd3 Kg7 57. g4 Rb1 58. Ra7 Kg8 59. g5
Rg1 60. e4 Rd1 61. Nf2 Ne5+ 62. Kf4 Ng6+ 63. Kf5 Nxh4+ 64. Kg4 Rd2 65. Kxh4
Rxf2 66. Kh5 Rb2 67. Kg6 Rb6+ 68. Kf5 Kf8 69. e5 Rb1 70. Kf6 Rf1+ 71. Ke6 Rg1
72. Ra8+ Kg7 73. Kd7 Rd1+ 74. Ke7 Rd2 75. e6 Rd5 76. Ke8 Rd1 77. e7 Rd2 78. Rd8
Rh2 79. Kd7 Rd2+ 80. Kc6 1-0

[Event "FIDE World Youth U16 Chess Olympiad SLOVAKIA 2016"]
[Site "Poprad Tatry SLOVAKIA"]
[Date "2016.07.29"]
[Round "9"]
[Board "4"]
[White "Yao, Licia"]
[Black "Morgunov, Daniel"]
[Result "0-1"]
[WhiteElo "1677"]
[BlackElo "2143"]
[PlyCount "112"]
[EventDate "2016.07.22"]
[EventType "team"]
[EventRounds "9"]
[EventCountry "SVK"]
[WhiteTeam "Australia"]
[BlackTeam "Austria"]

1. d4 Nf6 2. c4 b6 3. Nc3 Bb7 4. e3 e6 5. a3 Be7 6. Nf3 Ne4 7. Nxe4 Bxe4 8. Be2
O-O 9. O-O f5 10. Ne1 d6 11. d5 f4 12. exf4 e5 13. fxe5 dxe5 14. Bf3 Bxf3 15.
Nxf3 Nd7 16. Qc2 Qe8 17. Re1 Qh5 18. Qe4 Rae8 19. b4 Rf6 20. Qh4 Qf5 21. Qe4
Qh5 22. Qh4 Qf7 23. Ng5 Qg6 24. Qe4 Rf5 25. Ne6 Nf6 26. Qe2 Bd6 27. c5 Nxd5 28.
cxd6 Qxe6 29. dxc7 Nxc7 30. Be3 Nd5 31. Qa2 Rf7 32. Rad1 Rd7 33. Rd2 Kf7 34.
Red1 Red8 35. Bg5 Nf6 36. Rxd7+ Rxd7 37. Rxd7+ Nxd7 38. Qxe6+ Kxe6 39. a4 Kd5
40. Be7 Kc4 41. Kf1 a5 42. bxa5 bxa5 43. Ke2 Kb3 44. Kd2 Kxa4 45. Kc3 Kb5 46.
Kb3 Nc5+ 47. Ka3 e4 48. Bg5 Nd3 49. Be3 Ne1 50. g3 Nc2+ 51. Kb3 Nxe3 52. fxe3
a4+ 53. Kc3 Kc5 54. h4 h5 55. Kd2 Kc4 56. Kc2 a3 0-1

[Event "FIDE World Youth U16 Chess Olympiad SLOVAKIA 2016"]
[Site "Poprad Tatry SLOVAKIA"]
[Date "2016.07.29"]
[Round "9"]
[Board "1"]
[White "Abdulla, Murad"]
[Black "Anaskin, Arsenij"]
[Result "0-1"]
[WhiteElo "2101"]
[BlackElo "2139"]
[PlyCount "130"]
[EventDate "2016.07.22"]
[EventType "team"]
[EventRounds "9"]
[EventCountry "SVK"]
[WhiteTeam "Scotland"]
[BlackTeam "Czech republic"]

1. e4 d6 2. d4 Nf6 3. Nc3 e5 4. Nf3 Nbd7 5. Bc4 Be7 6. O-O O-O 7. a4 a5 8. Re1
c6 9. h3 Nb6 10. Bb3 Nfd7 11. Be3 exd4 12. Bxd4 Nc5 13. Bxc5 dxc5 14. Qe2 Qd6
15. Rad1 Qh6 16. Nd2 Qg5 17. Kh1 Be6 18. Bxe6 fxe6 19. Nf3 Qf4 20. e5 Rad8 21.
Ne4 Qh6 22. b3 Nd5 23. c4 Nf4 24. Qe3 b6 25. Ng3 Qg6 26. Rxd8 Bxd8 27. Rd1 Be7
28. Qe4 Qxe4 29. Nxe4 Rd8 30. Rxd8+ Bxd8 31. g3 Nd3 32. Kg2 h6 33. Nd6 Kf8 34.
Nc8 Ke8 35. Nd6+ Kd7 36. Ne4 Bc7 37. Kf1 Ke7 38. Ned2 Nxe5 39. Nxe5 Bxe5 40.
Ne4 Bd4 41. f4 g6 42. g4 Be3 43. Ke2 Bxf4 44. Kf3 Bc1 45. Nf2 Kf6 46. Ke4 Kg5
47. Nd3 Bd2 48. Ne5 Kh4 49. Nxg6+ Kxh3 50. Kf3 Bg5 51. Ne5 Bf6 52. Nd7 Bd8 53.
Nb8 Bc7 54. Nd7 Kh4 55. Nf8 e5 56. Ne6 Bd6 57. Nd8 e4+ 58. Kxe4 Kxg4 59. Nf7
Bf4 60. Nd8 h5 61. Nxc6 h4 62. Ne7 h3 63. Nd5 h2 64. Nxf4 h1=Q+ 65. Ke5 Qh2 0-1

[Event "FIDE World Youth U16 Chess Olympiad SLOVAKIA 2016"]
[Site "Poprad Tatry SLOVAKIA"]
[Date "2016.07.29"]
[Round "9"]
[Board "2"]
[White "Jelinek, Michal"]
[Black "Gray, Euan"]
[Result "1-0"]
[WhiteElo "2176"]
[BlackElo "1943"]
[PlyCount "77"]
[EventDate "2016.07.22"]
[EventType "team"]
[EventRounds "9"]
[EventCountry "SVK"]
[WhiteTeam "Czech republic"]
[BlackTeam "Scotland"]

1. d4 Nf6 2. c4 e6 3. Nc3 Bb4 4. Qc2 Nc6 5. Nf3 d6 6. e3 O-O 7. Be2 e5 8. dxe5
Nxe5 9. Nxe5 dxe5 10. O-O c6 11. a3 Bxc3 12. Qxc3 Re8 13. Rd1 Qc7 14. b4 Bf5
15. Bf3 e4 16. Be2 Nd7 17. Bb2 Ne5 18. c5 Qe7 19. Qxe5 Qxe5 20. Bxe5 Rxe5 21.
Rd6 Kf8 22. Rad1 Ke7 23. Kf1 Be6 24. Ke1 a5 25. Rc1 axb4 26. axb4 Rd5 27. Rxd5
Bxd5 28. Kd2 Ra4 29. b5 Ke6 30. Rc2 Ra1 31. g3 g5 32. Kc3 Ke5 33. bxc6 bxc6 34.
Rb2 Rc1+ 35. Rc2 Rh1 36. Bg4 f5 37. Bh5 Rxh2 38. f4+ gxf4 39. gxf4+ 1-0

[Event "FIDE World Youth U16 Chess Olympiad SLOVAKIA 2016"]
[Site "Poprad Tatry SLOVAKIA"]
[Date "2016.07.29"]
[Round "9"]
[Board "3"]
[White "Shafi, Declan"]
[Black "Dolansky, Lukas"]
[Result "1-0"]
[WhiteElo "1841"]
[BlackElo "2102"]
[PlyCount "76"]
[EventDate "2016.07.22"]
[EventType "team"]
[EventRounds "9"]
[EventCountry "SVK"]
[WhiteTeam "Scotland"]
[BlackTeam "Czech republic"]

1. d4 d5 2. c4 e6 3. Nc3 Nf6 4. cxd5 exd5 5. Bg5 Be7 6. e3 c6 7. Qc2 Nbd7 8.
Bd3 h6 9. Bh4 Nh5 10. Bxe7 Qxe7 11. O-O-O Nb6 12. h3 Be6 13. Nf3 O-O-O 14. Kb1
Kb8 15. Rc1 Nf6 16. Nd2 Rhe8 17. Na4 Nxa4 18. Qxa4 Ne4 19. Nxe4 dxe4 20. Bc4
Qg5 21. g3 Qf5 22. Bxe6 Rxe6 23. Rc2 Qf3 24. Rhc1 g5 25. Qa5 Red6 26. Qe5 f6
27. Qe7 h5 28. Qh7 R6d7 29. Qg6 Rd5 30. a3 Rc8 31. Ka2 Rf5 32. Qh7 a6 33. Rd2
Rd5 34. Rc3 Rcd8 35. Rdc2 h4 36. gxh4 gxh4 37. Rb3 R8d7 38. Qxh4 Ka7 1-0

[Event "FIDE World Youth U16 Chess Olympiad SLOVAKIA 2016"]
[Site "Poprad Tatry SLOVAKIA"]
[Date "2016.07.29"]
[Round "9"]
[Board "4"]
[White "Brunova, Blanka"]
[Black "Espinosa Cancino, Monica"]
[Result "1-0"]
[WhiteElo "1880"]
[BlackElo "1636"]
[PlyCount "93"]
[EventDate "2016.07.22"]
[EventType "team"]
[EventRounds "9"]
[EventCountry "SVK"]
[WhiteTeam "Czech republic"]
[BlackTeam "Scotland"]

1. e4 c5 2. c3 d5 3. exd5 Qxd5 4. d4 Nc6 5. Nf3 cxd4 6. cxd4 e6 7. Nc3 Bb4 8.
Bd2 Bxc3 9. bxc3 Nf6 10. Bd3 O-O 11. O-O b6 12. Bg5 Bb7 13. Re1 Rac8 14. Bxf6
gxf6 15. Re4 Ne7 16. Qd2 Rfd8 17. Qh6 Ng6 18. Rh4 Qc6 19. Qxh7+ Kf8 20. Bxg6
fxg6 21. Qh8+ Ke7 22. Rh7+ Kd6 23. Qxf6 Qxc3 24. Qe7+ Kd5 25. Qxb7+ Kd6 26.
Qe7+ Kd5 27. Qg5+ Kd6 28. Qe5+ Kc6 29. d5+ Kb5 30. a4+ Ka6 31. Qxc3 Rxc3 32.
dxe6 Rcd3 33. Re1 Rd1 34. Kf1 Rxe1+ 35. Kxe1 Re8 36. Ng5 b5 37. axb5+ Kxb5 38.
Rxa7 Kc6 39. Rg7 Kd6 40. Rxg6 Re7 41. f4 Kd5 42. f5 Ke5 43. f6 Rxe6 44. Nxe6
Kxe6 45. h4 Kf7 46. h5 Kf8 47. Rg7 1-0

[Event "FIDE World Youth U16 Chess Olympiad SLOVAKIA 2016"]
[Site "Poprad Tatry SLOVAKIA"]
[Date "2016.07.29"]
[Round "9"]
[Board "1"]
[White "Pechac, Jergus"]
[Black "Beukema, Jasper"]
[Result "1/2-1/2"]
[WhiteElo "2463"]
[BlackElo "2163"]
[PlyCount "94"]
[EventDate "2016.07.22"]
[EventType "team"]
[EventRounds "9"]
[EventCountry "SVK"]
[WhiteTeam "Slovakia 1"]
[BlackTeam "Belgium"]

1. d4 f5 2. c4 e6 3. Nc3 Nf6 4. Bg5 Be7 5. Qc2 O-O 6. Nf3 Ne4 7. Bxe7 Qxe7 8.
e3 Nxc3 9. Qxc3 d6 10. O-O-O Nd7 11. Bd3 e5 12. Bc2 e4 13. Nd2 Nf6 14. f3 c6
15. Rhf1 d5 16. h3 Nh5 17. cxd5 cxd5 18. Qc5 Qxc5 19. dxc5 d4 20. Rfe1 dxe3 21.
Rxe3 Nf4 22. g3 Nxh3 23. fxe4 f4 24. gxf4 Nxf4 25. Nc4 Bg4 26. Rd2 Rac8 27. b4
h5 28. Nd6 Rc7 29. Bb3+ Kh7 30. e5 Re7 31. Rh2 g5 32. Kb2 Kg7 33. Kc3 h4 34.
Kd4 Ne6+ 35. Bxe6 Bxe6 36. b5 Rf4+ 37. Re4 Rf1 38. Re3 Rf4+ 39. Re4 Rf1 40. Re3
Rd1+ 41. Rd3 Rxd3+ 42. Kxd3 h3 43. Ke4 Kg6 44. c6 bxc6 45. bxc6 Rc7 46. Rc2 a6
47. Kf3 Rxc6 1/2-1/2

[Event "FIDE World Youth U16 Chess Olympiad SLOVAKIA 2016"]
[Site "Poprad Tatry SLOVAKIA"]
[Date "2016.07.29"]
[Round "9"]
[Board "2"]
[White "Huygebaert, Batist"]
[Black "Haring, Viktor"]
[Result "1/2-1/2"]
[WhiteElo "1850"]
[BlackElo "2289"]
[PlyCount "112"]
[EventDate "2016.07.22"]
[EventType "team"]
[EventRounds "9"]
[EventCountry "SVK"]
[WhiteTeam "Belgium"]
[BlackTeam "Slovakia 1"]

1. d4 Nf6 2. Nf3 c5 3. dxc5 Qa5+ 4. Nbd2 Qxc5 5. a3 d5 6. e3 g6 7. c4 Bg7 8. b4
Qc7 9. Bb2 O-O 10. Qb3 e6 11. Rc1 Qe7 12. Be2 Nc6 13. O-O Rd8 14. Rfd1 Bd7 15.
Nb1 Rac8 16. Nc3 dxc4 17. Bxc4 a6 18. Be2 b5 19. h3 h6 20. Bf1 Rc7 21. Ne2 Rdc8
22. Nf4 Be8 23. Bd3 Kh7 24. Bb1 a5 25. Nd4 Nxd4 26. Rxc7 Qxc7 27. Rxd4 a4 28.
Qd1 Bc6 29. Ne2 Qb7 30. f3 Nd5 31. e4 Ne3 32. Qd3 Nc4 33. Ba1 e5 34. Rxc4 bxc4
35. Qe3 Rd8 36. Bc2 h5 37. Bc3 Qb5 38. Kf1 Rd3 39. Qf2 Bh6 40. Qa7 Rd7 41. Qf2
Bd2 42. Kg1 Qb8 43. Qc5 Bxc3 44. Nxc3 Rd2 45. Bxa4 Bxa4 46. Nxa4 Qa8 47. Qxc4
Kg7 48. Nc3 Qxa3 49. Qc5 Qc1+ 50. Kh2 Qf1 51. Qxe5+ Kh7 52. Qg3 Rc2 53. Nd5 Rc1
54. Nf6+ Kh8 55. Qg5 Qg1+ 56. Kg3 Qe1+ 1/2-1/2

[Event "FIDE World Youth U16 Chess Olympiad SLOVAKIA 2016"]
[Site "Poprad Tatry SLOVAKIA"]
[Date "2016.07.29"]
[Round "9"]
[Board "3"]
[White "Lintner, Igor"]
[Black "Huttl, Sofie"]
[Result "1/2-1/2"]
[WhiteElo "2191"]
[BlackElo "1727"]
[PlyCount "21"]
[EventDate "2016.07.22"]
[EventType "team"]
[EventRounds "9"]
[EventCountry "SVK"]
[WhiteTeam "Slovakia 1"]
[BlackTeam "Belgium"]

1. e4 e5 2. Nf3 Nc6 3. Bc4 Bc5 4. c3 Nf6 5. O-O d6 6. d3 Be6 7. Bb5 a6 8. Ba4
b5 9. Bc2 d5 10. Nbd2 dxe4 11. dxe4 1/2-1/2

[Event "FIDE World Youth U16 Chess Olympiad SLOVAKIA 2016"]
[Site "Poprad Tatry SLOVAKIA"]
[Date "2016.07.29"]
[Round "9"]
[Board "4"]
[White "Swennen, Fleur"]
[Black "Vrtiakova, Anna"]
[Result "0-1"]
[WhiteElo "1648"]
[BlackElo "2044"]
[PlyCount "64"]
[EventDate "2016.07.22"]
[EventType "team"]
[EventRounds "9"]
[EventCountry "SVK"]
[WhiteTeam "Belgium"]
[BlackTeam "Slovakia 1"]

1. d4 d5 2. Bf4 Nf6 3. e3 c5 4. c3 Nc6 5. Nf3 Qb6 6. Qb3 c4 7. Qc2 Bf5 8. Qc1
e6 9. Nbd2 Qd8 10. h3 h6 11. b3 b5 12. b4 a5 13. a3 Be7 14. Be2 Qb6 15. Qb2 Ra6
16. Ne5 Bh7 17. Bf3 Qb7 18. Ke2 O-O 19. Rhc1 Rfa8 20. Nxc6 Qxc6 21. Nb1 R8a7
22. Kf1 axb4 23. cxb4 Bxb1 24. Rcxb1 Qa8 25. Qc2 Rxa3 26. Rxa3 Rxa3 27. Rb2
Ra1+ 28. Ke2 Qa3 29. Bg4 Bxb4 30. Be5 Ne4 31. Kf3 Nd2+ 32. Kg3 c3 0-1

[Event "FIDE World Youth U16 Chess Olympiad SLOVAKIA 2016"]
[Site "Poprad Tatry SLOVAKIA"]
[Date "2016.07.29"]
[Round "9"]
[Board "1"]
[White "Schneider, Jana"]
[Black "Ng, Chung Lok Andrew"]
[Result "1/2-1/2"]
[WhiteElo "2135"]
[BlackElo "1648"]
[PlyCount "114"]
[EventDate "2016.07.22"]
[EventType "team"]
[EventRounds "9"]
[EventCountry "SVK"]
[WhiteTeam "Germany 3"]
[BlackTeam "Hong Kong"]

1. e4 c5 2. Nf3 g6 3. d4 cxd4 4. Qxd4 Nf6 5. Nc3 Nc6 6. Qa4 d6 7. e5 dxe5 8.
Nxe5 Bd7 9. Nxd7 Qxd7 10. Be3 Bg7 11. Rd1 Qc8 12. Be2 O-O 13. O-O a6 14. Qh4
Rd8 15. f4 Qe6 16. Rxd8+ Rxd8 17. Bb6 Rd2 18. f5 Qd7 19. Bd3 Nd5 20. fxg6 hxg6
21. Bf2 Nxc3 22. bxc3 Bxc3 23. Bxg6 Rxf2 24. Bh7+ Kf8 25. Kxf2 Bd4+ 26. Ke2
Qe6+ 27. Qe4 Qc4+ 28. Qd3 Qe6+ 29. Kd1 Qxa2 30. Qb3 Qxb3 31. cxb3 Be5 32. h3
Nd4 33. Bc2 Nxc2 34. Kxc2 a5 35. Kd3 b6 36. Ke4 Bd6 37. g4 Kg7 38. Rc1 Bg3 39.
Rc6 Bf2 40. Kf3 Bd4 41. h4 f6 42. Ke4 Bc5 43. Kf5 Bf2 44. h5 Be3 45. Re6 Bc5
46. Re2 Kh6 47. Rd2 Bb4 48. Rd7 Bc5 49. Rd2 Bb4 50. Rd8 Bc5 51. Rg8 Kh7 52. Rg6
b5 53. Ke6 a4 54. bxa4 bxa4 55. Kf7 a3 56. Rg8 Bd6 57. Ra8 Bb4 1/2-1/2